[Event "Calvia Amateur op 17th"]
[Site "Calvia"]
[Date "2020.10.17"]
[Round "8"]
[White "Lopez Gonzalez, Miguel"]
[Black "Ramis Sebastia, Jordi Salvador"]
[Result "1-0"]
[WhiteElo "1829"]
[BlackElo "1519"]
[PlyCount "75"]
[EventDate "2020.10.10"]
[EventType "swiss"]
[EventRounds "9"]
[EventCountry "ESP"]
[SourceTitle "CBM 198 Extra"]
[Source "ChessBase"]
[SourceDate "2020.11.30"]
[SourceVersion "1"]
[SourceVersionDate "2020.11.30"]
[SourceQuality "1"]

1. e4 e6 2. d4 d5 3. Nd2 c5 4. Ngf3 Nf6 5. Bb5+ Bd7 6. Bxd7+ Nfxd7 7. Qe2 Be7 8. 0-0 Nc6 9. Re1 0-0 10. exd5 exd5 11. dxc5 Bxc5 12. Nb3 Bb6 13. Bf4 Nf6 14. a3 Ne7 15. Qxe7 Qxe7 16. Rxe7 Ne4 17. Be3 Bxe3 18. fxe3 b6 19. Rd1 Rfd8 20. Ne5 f5 21. Nc6 Rdc8 22. Nbd4 a5 23. Re5 Rc7 24. Nxf5 Nf6 25. c3 Kf7 26. Ncd4 Rd7 27. Re6 b5 28. Nd6+ Kf8 29. N6xb5 a4 30. Rf1 Rb7 31. g4 h6 32. h4 Kg8 33. g5 hxg5 34. hxg5 Ne4 35. Re5 Rd8 36. c4 Nd2 37. Nc6 Rdd7 38. g6 1-0

[Event "Calvia Amateur op 17th"]
[Site "Calvia"]
[Date "2020.10.13"]
[Round "4"]
[White "Penas Fuster, Jaime"]
[Black "Ramis Sebastia, Jordi Salvador"]
[Result "1/2-1/2"]
[WhiteElo "1934"]
[BlackElo "1519"]
[PlyCount "89"]
[EventDate "2020.10.10"]
[EventType "swiss"]
[EventRounds "9"]
[EventCountry "ESP"]
[SourceTitle "CBM 198 Extra"]
[Source "ChessBase"]
[SourceDate "2020.11.30"]
[SourceVersion "1"]
[SourceVersionDate "2020.11.30"]
[SourceQuality "1"]

1. Nf3 d5 2. d4 Nf6 3. c4 e6 4. g3 c5 5. Bg2 cxd4 6. cxd5 exd5 7. 0-0 Bc5 8. Nxd4 0-0 9. Nc3 Nc6 10. Nb3 Bb6 11. Nxd5 Nxd5 12. Qxd5 Qe7 13. e4 Be6 14. Qb5 Qf6 15. Qg5 Qe5 16. Qxe5 Nxe5 17. Bf4 Nd3 18. Bd6 Rfd8 19. e5 Rd7 20. Be4 Nxb2 21. Nc5 Bxc5 22. Bxc5 Rc8 23. Bxa7 b5 24. Be3 Bh3 25. Rfb1 Rcd8 26. Bc6 Rd3 27. Bxb5 R3d5 28. Bf1 Bxf1 29. Kxf1 Nc4 30. Bg5 f6 31. Rc1 Nxe5 32. Bf4 Nd3 33. Rc4 h6 34. a4 Ra8 35. Bc7 Rc8 36. Rc3 Nb4 37. Be5 Ra8 38. Bc7 Rd7 39. Rc4 Nd5 40. Bf4 Raa7 41. Be3 Ra6 42. Ke2 Ne7 43. Bd2 Nc6 44. Rac1 Ne5 45. Rc8+ 1/2-1/2

[Event "Calvia Amateur op 16th"]
[Site "Calvia"]
[Date "2019.10.11"]
[Round "7"]
[White "Ramis Sebastia, Jordi Salvador"]
[Black "Engelaer, Maurice"]
[Result "0-1"]
[WhiteElo "1576"]
[BlackElo "1896"]
[PlyCount "60"]
[EventDate "2019.10.05"]
[EventType "swiss"]
[EventRounds "9"]
[EventCountry "ESP"]
[SourceTitle "CBM 192 Extra"]
[Source "Chessbase"]
[SourceDate "2019.11.06"]
[SourceVersion "1"]
[SourceVersionDate "2019.11.06"]
[SourceQuality "1"]

1. d4 Nf6 2. c4 c5 3. d5 b5 4. b3 e6 5. dxe6 fxe6 6. g3 bxc4 7. Bg2 d5 8. bxc4 Nc6 9. Nf3 Be7 10. 0-0 0-0 11. Bb2 Rb8 12. Be5 Rb4 13. cxd5 Nxd5 14. a3 Rb6 15. Nbd2 Ba6 16. Bh3 Nxe5 17. Nxe5 Nc3 18. Qc2 Nxe2+ 19. Kh1 Qd5+ 20. Qe4 Qxd2 21. Rad1 Nc3 22. Rxd2 Nxe4 23. Rd7 Bxf1 24. Bxf1 Bf6 25. Nc4 Rb1 26. Kg2 Nxf2 27. Rxa7 Bd4 28. Re7 Ne4 29. Bd3 Rg1+ 30. Kh3 Nf2+ 0-1

[Event "Campos Migjorn op"]
[Site "Campos"]
[Date "2019.09.06"]
[Round "1"]
[White "Ramis Sebastia, Jordi Salvador"]
[Black "Munar Mut, Antoni"]
[Result "1-0"]
[WhiteElo "1508"]
[BlackElo "1819"]
[PlyCount "35"]
[EventDate "2019.09.06"]
[EventType "swiss"]
[EventRounds "8"]
[EventCountry "ESP"]
[SourceTitle "EXT 2020"]
[Source "ChessBase"]
[SourceDate "2019.10.17"]
[SourceVersion "1"]
[SourceVersionDate "2019.10.17"]
[SourceQuality "1"]

1. d4 d5 2. c4 Nc6 3. e3 e6 4. Nf3 Nf6 5. Bd3 Be7 6. 0-0 0-0 7. b3 a6 8. Nc3 Nb4 9. Bb2 Nxd3 10. Qxd3 dxc4 11. bxc4 b5 12. cxb5 axb5 13. Nxb5 Ba6 14. Qc4 Rb8 15. a4 Qd7 16. Ne5 Bxb5 17. axb5 Rxb5 18. Nxd7 1-0

[Event "Mallorca-ch C"]
[Site "Palma de Mallorca"]
[Date "2018.11.11"]
[Round "2.11"]
[White "Ramis Sebastia, Jordi Salvador"]
[Black "Ferrer Agius, Rodrigo"]
[Result "0-1"]
[WhiteElo "1558"]
[BlackElo "1629"]
[PlyCount "54"]
[EventDate "2018.11.10"]
[EventType "swiss"]
[EventRounds "6"]
[EventCountry "ESP"]
[SourceTitle "EXT 2024"]
[Source "ChessBase"]
[SourceDate "2023.10.10"]
[SourceVersion "1"]
[SourceVersionDate "2023.10.10"]
[SourceQuality "1"]

1. d4 Nf6 2. c4 g6 3. g3 Bg7 4. Bg2 d6 5. e4 0-0 6. Ne2 e5 7. d5 a5 8. 0-0 Na6 9. Nbc3 Bd7 10. h3 Nh5 11. g4 Nf6 12. Ng3 Qc8 13. f4 exf4 14. Bxf4 h5 15. gxh5 Bxh3 16. h6 Bh8 17. Qd2 Re8 18. Be3 Qg4 19. Kh2 Bxg2 20. Kxg2 Nxe4 21. Ncxe4 Rxe4 22. Rf3 Rae8 23. Raf1 f5 24. Rf4 Rxf4 25. Rxf4 Qg5 26. Rxf5 Qxe3 27. Qxe3 Rxe3 0-1

[Event "Calvia Amateur op 13th"]
[Site "Calvia"]
[Date "2016.10.10"]
[Round "3"]
[White "Ramis Sebastia, Jordi Salvador"]
[Black "Schoning, Lars"]
[Result "0-1"]
[WhiteElo "1582"]
[BlackElo "1908"]
[PlyCount "76"]
[EventDate "2016.10.08"]
[EventType "swiss"]
[EventRounds "9"]
[EventCountry "ESP"]
[SourceTitle "CBM 175 Extra"]
[Source "ChessBase"]
[SourceDate "2016.12.12"]
[SourceVersion "1"]
[SourceVersionDate "2016.12.12"]
[SourceQuality "1"]

1. d4 Nf6 2. c4 c5 3. d5 e5 4. Nc3 d6 5. e4 Nbd7 6. Bd3 Be7 7. Nge2 h5 8. Bg5 h4 9. h3 Nh5 10. Bxe7 Qxe7 11. Qd2 a6 12. 0-0-0 Nf8 13. g4 hxg3 14. fxg3 Ng6 15. Rde1 Bd7 16. a3 Qd8 17. Qe3 Qc8 18. g4 Nhf4 19. Nxf4 Nxf4 20. Ref1 b5 21. cxb5 c4 22. Bb1 axb5 23. Ne2 Nxe2+ 24. Qxe2 c3 25. Kd1 cxb2 26. Qxb2 Qc5 27. Rf3 Bxg4 28. Ke2 Bxf3+ 29. Kxf3 Rxa3+ 30. Kg2 0-0 31. Qe2 Qc3 32. Qf2 b4 33. h4 Rb3 34. Bc2 Rb2 35. Rc1 b3 36. h5 Rxc2 37. Rxc2 Qxc2 38. h6 Qxf2+ 0-1

[Event "Calvia Amateur op 13th"]
[Site "Calvia"]
[Date "2016.10.08"]
[Round "1"]
[White "Ramis Sebastia, Jordi Salvador"]
[Black "Kamm, Guenther"]
[Result "0-1"]
[WhiteElo "1582"]
[BlackElo "2009"]
[PlyCount "38"]
[EventDate "2016.10.08"]
[EventType "swiss"]
[EventRounds "9"]
[EventCountry "ESP"]
[SourceTitle "CBM 175 Extra"]
[Source "ChessBase"]
[SourceDate "2016.12.12"]
[SourceVersion "1"]
[SourceVersionDate "2016.12.12"]
[SourceQuality "1"]

1. d4 Nf6 2. c4 c5 3. d5 b5 4. cxb5 a6 5. bxa6 g6 6. g3 d6 7. Bg2 Bxa6 8. Nc3 Bg7 9. Nf3 0-0 10. 0-0 Nbd7 11. Re1 Qb6 12. e4 Ng4 13. h3 Nge5 14. Nxe5 Nxe5 15. Bf1 Rfb8 16. Na4 Qb4 17. b3 Qxe1 18. Qxe1 Nf3+ 19. Kg2 Nxe1+ 0-1

[Event "Campos Migjorn op"]
[Site "Campos"]
[Date "2016.10.01"]
[Round "8"]
[White "Sanchez Lopez, Alejandro"]
[Black "Ramis Sebastia, Jordi Salvador"]
[Result "1-0"]
[WhiteElo "1815"]
[BlackElo "1582"]
[PlyCount "57"]
[EventDate "2016.09.09"]
[EventType "swiss"]
[EventRounds "8"]
[EventCountry "ESP"]
[SourceTitle "EXT 2017"]
[Source "ChessBase"]
[SourceDate "2016.10.25"]
[SourceVersion "1"]
[SourceVersionDate "2016.10.25"]
[SourceQuality "1"]

1. e4 e5 2. Nc3 Nf6 3. a3 Bc5 4. Nf3 d6 5. Bc4 Bg4 6. h3 Bh5 7. d3 h6 8. Be3 Nbd7 9. g4 Nxg4 10. hxg4 Bxg4 11. Rg1 h5 12. Rg3 c6 13. Ne2 Qe7 14. Qd2 0-0-0 15. 0-0-0 Nf6 16. Bxc5 dxc5 17. Ng5 Rdf8 18. f3 Bd7 19. Rdg1 h4 20. R3g2 h3 21. Rh2 Nh7 22. Nxh3 f6 23. f4 exf4 24. Nexf4 Be8 25. Ne6 Rfg8 26. Qf2 b6 27. Ba6+ Kb8 28. Qf4+ Ka8 29. Nc7+ 1-0

[Event "Campos Migjorn op"]
[Site "Campos"]
[Date "2016.09.09"]
[Round "1"]
[White "Ramis Sebastia, Jordi Salvador"]
[Black "Guzman Otero, Juan Antonio"]
[Result "0-1"]
[WhiteElo "1582"]
[BlackElo "1962"]
[PlyCount "58"]
[EventDate "2016.09.09"]
[EventType "swiss"]
[EventRounds "8"]
[EventCountry "ESP"]
[SourceTitle "EXT 2017"]
[Source "ChessBase"]
[SourceDate "2016.10.25"]
[SourceVersion "1"]
[SourceVersionDate "2016.10.25"]
[SourceQuality "1"]

1. d4 Nf6 2. c4 g6 3. g3 c6 4. Bg2 d5 5. cxd5 cxd5 6. Nc3 Nc6 7. e3 Bg7 8. Nge2 0-0 9. 0-0 e6 10. a3 Bd7 11. b4 Rc8 12. Qb3 Qe7 13. Bb2 Rfd8 14. Rae1 h5 15. e4 Nxe4 16. Nxe4 dxe4 17. Bxe4 Qf8 18. Rd1 Rc7 19. Nf4 Ne7 20. d5 Nxd5 21. Nxd5 exd5 22. Bxd5 Bxb2 23. Qxb2 Bh3 24. Rfe1 Rcd7 25. Qe5 Bg4 26. f3 Be6 27. Qxe6 fxe6 28. Bxe6+ Rf7 29. Rc1 Kg7 0-1

[Event "Palmanova Blau Escacs op 1st"]
[Site "Palmanova"]
[Date "2015.04.12"]
[Round "2"]
[White "Ramis Sebastia, Jordi Salvador"]
[Black "Boix Pons, Catalina"]
[Result "0-1"]
[WhiteElo "1626"]
[BlackElo "1916"]
[PlyCount "100"]
[EventDate "2015.04.11"]
[EventType "swiss"]
[EventRounds "9"]
[EventCountry "ESP"]
[SourceTitle "CBM 166 Extra"]
[Source "ChessBase"]
[SourceDate "2015.06.18"]
[SourceVersion "1"]
[SourceVersionDate "2015.06.18"]
[SourceQuality "1"]

1. d4 d5 2. c4 c6 3. Nf3 Nf6 4. Nc3 Bf5 5. e3 e6 6. Bd3 Bxd3 7. Qxd3 Bd6 8. 0-0 Nbd7 9. e4 dxe4 10. Nxe4 Nxe4 11. Qxe4 Nf6 12. Qe2 0-0 13. Bg5 h6 14. Bh4 Be7 15. Rad1 Qc7 16. Bg3 Qa5 17. a3 Rad8 18. Rd3 b5 19. b4 Qa6 20. c5 Rd5 21. Ne5 Qb7 22. f4 Rfd8 23. Bf2 Ra8 24. Be3 a5 25. f5 Qc8 26. g4 exf5 27. gxf5 Bf8 28. Qg2 Kh7 29. Nxf7 Rxf5 30. Bf2 Qd7 31. Ne5 Rxe5 32. dxe5 Qxd3 33. exf6 Qg6 34. Bg3 h5 35. h4 axb4 36. axb4 gxf6 37. Kh2 Ra3 38. Rg1 f5 39. Qb2 Ra8 40. Be5 Qf7 41. Rg2 Bh6 42. Qe2 Re8 43. Qb2 Rg8 44. Kh3 Rxg2 45. Qxg2 Qe6 46. Bd6 Qe3+ 47. Kh2 Bf4+ 48. Bxf4 Qxf4+ 49. Kh1 Qxh4+ 50. Kg1 Qg4 0-1

[Event "Calvia Amateur op 11th"]
[Site "Calvia"]
[Date "2014.10.05"]
[Round "2"]
[White "Ramis Sebastia, Jordi Salvador"]
[Black "Arias Castanedo, Jacinto"]
[Result "0-1"]
[WhiteElo "1646"]
[BlackElo "1863"]
[PlyCount "82"]
[EventDate "2014.10.04"]
[EventType "swiss"]
[EventRounds "9"]
[EventCountry "ESP"]
[SourceTitle "EXT 2015"]
[Source "ChessBase"]
[SourceDate "2014.11.20"]
[SourceVersion "1"]
[SourceVersionDate "2014.11.20"]
[SourceQuality "1"]

1. d4 d5 2. c4 e6 3. Nc3 Nf6 4. Bg5 Be7 5. e3 c6 6. Bd3 Nbd7 7. Nge2 0-0 8. f3 dxc4 9. Bxc4 Nd5 10. Bxe7 Qxe7 11. 0-0 Nxe3 12. Qd3 Nxf1 13. Kxf1 c5 14. Bb3 cxd4 15. Qxd4 a6 16. Ne4 Nf6 17. Ng5 h6 18. Ne4 Rd8 19. Nxf6+ Qxf6 20. Qb6 e5 21. Qc7 Rd7 22. Qc3 b5 23. Ng3 Bb7 24. Re1 Re8 25. Bc2 g6 26. Qe3 Kg7 27. b4 Qc6 28. Bb3 f5 29. Qf2 Rc7 30. Ne2 Qd6 31. a3 e4 32. Nc1 Qxh2 33. Qd4+ Kh7 34. Qf6 exf3 35. Rxe8 fxg2+ 36. Ke2 g1Q+ 37. Kd3 Be4+ 38. Rxe4 fxe4+ 39. Kxe4 Qe1+ 40. Kd4 Rd7+ 41. Kc5 Qc7+ 0-1

[Event "Palma de Mallorca op U2200"]
[Site "Palma de Mallorca"]
[Date "2013.01.18"]
[Round "7"]
[White "Prill, Gerhard"]
[Black "Ramis Sebastia, Jordi Salvador"]
[Result "1/2-1/2"]
[WhiteElo "2056"]
[BlackElo "1696"]
[PlyCount "59"]
[EventDate "2013.01.12"]
[EventType "swiss"]
[EventRounds "9"]
[EventCountry "ESP"]
[SourceTitle "EXT 2014"]
[Source "ChessBase"]
[SourceDate "2013.11.20"]
[SourceVersion "1"]
[SourceVersionDate "2013.11.20"]
[SourceQuality "1"]

1. e4 e6 2. d4 d5 3. Nc3 Nf6 4. Bg5 Bb4 5. e5 h6 6. Be3 Ne4 7. Qg4 g6 8. a3 Bxc3+ 9. bxc3 c5 10. Bd3 Qa5 11. Ne2 cxd4 12. Bxd4 Nc6 13. 0-0 Nxd4 14. cxd4 h5 15. Qf3 Bd7 16. Bxe4 dxe4 17. Qf6 0-0 18. Ng3 Bc6 19. Rfe1 Rad8 20. Nxh5 gxh5 21. Re3 Rfe8 22. Rg3+ Kf8 23. Rg5 Qc3 24. Rf1 e3 25. Rxh5 exf2+ 26. Rxf2 Qe1+ 27. Rf1 Qe3+ 28. Rf2 Qe1+ 29. Rf1 Qe3+ 30. Rf2 1/2-1/2

[Event "Palma de Mallorca op U2200"]
[Site "Palma de Mallorca"]
[Date "2013.01.12"]
[Round "1"]
[White "Ramis Sebastia, Jordi Salvador"]
[Black "Llorens Hofman, Ivan"]
[Result "0-1"]
[WhiteElo "1696"]
[BlackElo "2036"]
[PlyCount "86"]
[EventDate "2013.01.12"]
[EventType "swiss"]
[EventRounds "9"]
[EventCountry "ESP"]
[SourceTitle "EXT 2014"]
[Source "ChessBase"]
[SourceDate "2013.11.20"]
[SourceVersion "1"]
[SourceVersionDate "2013.11.20"]
[SourceQuality "1"]

1. d4 Nf6 2. c4 g6 3. Nc3 Bg7 4. e4 d6 5. g3 0-0 6. Bg2 Nbd7 7. Nge2 e5 8. d5 a5 9. 0-0 Ne8 10. f4 f5 11. Be3 Qe7 12. Qc2 Nef6 13. a3 Ng4 14. Bd2 Nc5 15. b4 Nxe4 16. Rae1 Nxd2 17. Qxd2 axb4 18. axb4 e4 19. h3 Nf6 20. Qe3 Nd7 21. Ra1 Rxa1 22. Rxa1 Nb6 23. Qc1 Nxc4 24. Nb5 Bxa1 25. Qxa1 c6 26. Nbc3 Ne3 27. dxc6 bxc6 28. Nd4 Qb7 29. Qa2+ d5 30. Qa5 Nc4 31. Qc5 Bd7 32. Bf1 Qb6 33. Na4 Qxc5 34. Nxc5 Nb6 35. Nxd7 Nxd7 36. Nxc6 Kf7 37. Ba6 Ke6 38. Kf2 Kd6 39. b5 Kc5 40. Ke3 Nb6 41. Ne5 d4+ 42. Kd2 Nc4+ 43. Ke1 Nxe5 0-1

[Event "Alcudia Belleuve"]
[Site "Alcudia"]
[Date "2012.10.21"]
[Round "9.26"]
[White "Ramis Sebastia, Jordi Salvador"]
[Black "Romeu de la Cruz, Josep"]
[Result "1-0"]
[WhiteElo "1675"]
[BlackElo "1902"]
[PlyCount "121"]
[EventDate "2012.10.14"]
[EventType "swiss"]
[EventRounds "9"]
[EventCountry "ESP"]
[SourceTitle "EXT 2024"]
[Source "ChessBase"]
[SourceDate "2023.10.10"]
[SourceVersion "1"]
[SourceVersionDate "2023.10.10"]
[SourceQuality "1"]

1. d4 d6 2. e4 Nf6 3. Nc3 g6 4. g3 Bg7 5. Bg2 0-0 6. Nge2 Nbd7 7. 0-0 e5 8. Bg5 h6 9. Be3 c6 10. Qd2 Kh7 11. Rad1 Ng4 12. dxe5 Nxe3 13. Qxe3 dxe5 14. Rd6 Qe7 15. Rfd1 f5 16. exf5 gxf5 17. R1d2 Rf6 18. Rxf6 Nxf6 19. Nd1 Be6 20. b3 Re8 21. Qxa7 Bd5 22. Ne3 Be6 23. Bh3 Ng4 24. Nxg4 fxg4 25. Bg2 Bf5 26. Qe3 h5 27. Qc3 Rd8 28. Rxd8 Qxd8 29. Kh1 Qd1+ 30. Ng1 Bxc2 31. Qb4 Qd4 32. Qxb7 Be4 33. Qf7 Bxg2+ 34. Kxg2 Qe4+ 35. f3 Qc2+ 36. Kh1 Qg6 37. Qxg6+ Kxg6 38. Kg2 Kf5 39. Ne2 Bf8 40. a4 Bb4 41. Nc1 gxf3+ 42. Kxf3 e4+ 43. Kg2 Bd2 44. Ne2 c5 45. h3 Kg5 46. Kf2 h4 47. g4 Kf6 48. Ng1 Ke5 49. Ke2 Bc3 50. Kd1 Ba5 51. Ne2 Bb4 52. Kc2 Ba5 53. Nc1 Kf4 54. Ne2+ Kf3 55. Kd1 e3 56. g5 Bc7 57. g6 Be5 58. a5 Kg2 59. a6 Kxh3 60. a7 Kg4 61. a8Q 1-0

[Event "Calvia Amateur op 9th"]
[Site "Calvia"]
[Date "2012.10.11"]
[Round "6"]
[White "Strand, Oyvin"]
[Black "Ramis Sebastia, Jordi Salvador"]
[Result "1-0"]
[WhiteElo "1899"]
[BlackElo "1675"]
[PlyCount "55"]
[EventDate "2012.10.06"]
[EventType "swiss"]
[EventRounds "9"]
[EventCountry "ESP"]
[SourceTitle "EXT 2013"]
[Source "ChessBase"]
[SourceDate "2012.11.22"]
[SourceVersion "1"]
[SourceVersionDate "2012.11.22"]
[SourceQuality "1"]

1. d4 d5 2. Nf3 Nf6 3. e3 Bg4 4. b3 e6 5. Bb2 Nbd7 6. h3 Bh5 7. Be2 Bd6 8. Nbd2 0-0 9. 0-0 Re8 10. Ne5 Bxe2 11. Qxe2 Re7 12. c4 c6 13. e4 Nxe4 14. Nxe4 dxe4 15. Qxe4 f6 16. Nd3 Rf7 17. Qxe6 Nf8 18. Qf5 Ng6 19. g3 Qc7 20. Kg2 Re8 21. Rae1 Rfe7 22. c5 Rxe1 23. Rxe1 Rxe1 24. cxd6 Qxd6 25. Nxe1 Ne7 26. Qc5 Qe6 27. Ba3 Ng6 28. Qc4 1-0